Muslims and matriarchs (Record no. 131577)
[ view plain ]
| 000 -LEADER | |
|---|---|
| fixed length control field | 01779nam a2200385 a 4500 |
| 082 04 - DEWEY DECIMAL CLASSIFICATION NUMBER | |
| Classification number | 305.89/928 |
| 100 1# - MAIN ENTRY--AUTHOR NAME | |
| Personal name | Hadler, Jeffrey. |
| 245 10 - TITLE STATEMENT | |
| Title | Muslims and matriarchs |
| 260 ## - PUBLICATION, DISTRIBUTION, ETC. (IMPRINT) | |
| Place of publication | Ithaca : |
| Name of publisher | Cornell University Press, |
| Year of publication | 2008. |
| 300 ## - PHYSICAL DESCRIPTION | |
| Number of Pages | 211 p. : |
| Other physical details | ill., map. |
| 505 0# - FORMATTED CONTENTS NOTE | |
| Formatted contents note | Contention unending -- Shapes of the house -- Interiors and shapes of the family -- Educating children -- Intimate contention -- Earthquake -- Families in motion -- Conclusion : victorious buffalo, resilient matriarchate. |
| 650 #0 - SUBJECT ADDED ENTRY--TOPICAL TERM | |
| Topical Term | Minangkabau (Indonesian people) |
| Topical Term | Islam |
| Topical Term | Matriarchy |
| Topical Term | Women, Minangkabau |
| Topical Term | Families |
| 856 40 - ELECTRONIC LOCATION AND ACCESS | |
| Uniform Resource Identifier | http://site.ebrary.com/lib/rucke/Doc?id=10468008 |
No items available.
